| 000 | 00496nam a22001697a 4500 | ||
|---|---|---|---|
| 003 | OSt | ||
| 082 |
_a631.45 _bANN/ST |
||
| 088 | _aP 510 | ||
| 100 |
_aAnna Siya P M _94957 |
||
| 100 |
_aSneha M _94958 |
||
| 100 |
_aNitin Kumar _94959 |
||
| 245 | _aStandardization of irrigation and fertigation requirement for Amaranth Under polyhouse | ||
| 260 |
_a KCAET ,Tavanur _bDepartment of soil and water conservation engineering _c2021 |
||
| 300 | _a76 p | ||
| 700 | _aSathian K K (Guide) | ||
| 942 | _cPR | ||
| 999 |
_c17399 _d17399 |
||